000 00474nam a2200169Ia 4500
003 GCL
008 140319s9999 xx 000 0 ara d
040 _aGCL /
_cGCL
082 0 4 _a811.9
_bع م
100 1 _aعبدالوهاب البياتى
245 1 0 _aالمجد للأطفال و الزيتون /
_cعبدالوهاب البياتى
300 _a89 ص
490 _a
650 0 4 _aالشعر العربى
650 0 4 _aدواوين وقصائد
942 _2ddc
_cBK
999 _c40197
_d40197